| 000 | 00429nam a2200157 i 4500 | ||
|---|---|---|---|
| 001 | 65375 | ||
| 003 | ES-MaACL | ||
| 005 | 20230906165345.0 | ||
| 007 | t| | ||
| 008 | 040112s1967 sp ||||1| gao d | ||
| 100 | 1 |
_aFranco Grande, X. L. _952255 |
|
| 245 | 1 | 0 |
_aEntre o si e o non / _cX.L. Franco Grande. |
| 260 |
_aVigo : _b[s.n., _c1967] ( _fFaro de Vigo) |
||
| 300 |
_a112 p. ; _c18 cm. |
||
| 852 |
_aES-MaACL _jC-33861 _bR.64290 |
||
| 999 |
_c65375 _d65375 |
||